000 01442nam a22003857a 4500
003 CHAP
005 20220329143715.0
008 110315s1988 mx a r 00010 spa d
010 _a100648
011 _a101620
020 _a9688244619
035 _a112308
040 _cCHAP
082 0 4 _a615.8820972
_bL95
100 0 0 _aLozoya Legorreta, Xavier.
_968824
245 1 3 _aLa medicina tradicional en México :
_bexperiencia del programa IMSS - COPLAMAR 1982 - 1987
_c/por Xavier Lozoya Legorreta, Georgina Velázquez Díaz y Ángel Flores Alvarado
260 _aMéxico, D.F. :
_bIMSS,
_cc1988
300 _a93 p. :
_bilus., cuadros, gráfs.
590 _aBATCH-UPD
_b10
_c20130110
_lUCH01
_h0928
590 _aBATCH-UPD
_b10
_c20130410
_lUCH01
_h0548
590 _aBATCH-UPD
_b10
_c20130914
_lUCH01
_h0627
590 _aCONVERSION
_b10
_c20130109
_lUCH01
_h1355
650 1 4 _aBienestar social.
_912635
650 1 4 _aComunidades rurales.
_926254
650 1 4 _aMedicina tradicional.
_973921
650 1 4 _aSalud pública.
_9101813
650 1 4 _aSeguridad social.
_9103676
650 1 4 _aTerapéutica fisiológica.
_9112346
700 1 _aFlores Alvarado, Ángel.
_941429
700 1 _aVelázquez Díaz, Georgina.
_9118529
901 _aBK
942 _cLIBRO
949 _a615.8820972 L95
_bBC
_cLIBRO
_d33724002232066
_eLIBRO
_h114405
_i112308
_sb
949 _a615.8820972 L95
_bBC
_cLIBRO
_d33724002258264
_eLIBRO
_fc.2
_gDonaciØn
_h114772
_i112308
_sb
999 _c100648
_d100648